000 00435nam a22001937a 4500
003 MPLRDC
005 20220104124559.0
008 210129b ||||| |||| 00| 0 eng d
020 _a957-32-1878-X
082 _a380.7 GT
100 _a郭泰
245 _a拜动物为师
_c
250 _a初版
260 _a
_b远流
_c1993
300 _b
490 _a励志馆. 37
650 _a动物学总论
942 _cBK
_o380.7 GT
999 _c20482
_d20472